| 000 | 00789nam a2200241 a 4500 | ||
|---|---|---|---|
| 005 | 20140310183407.0 | ||
| 008 | 121015s19uu xx 00 eng d | ||
| 020 | _a9781422157282 | ||
| 050 |
_aHF 3836.5 _b.K593 2011 |
||
| 100 | _aKhanna, Tarun. | ||
| 245 |
_aBillions of entrepreneurs : _bhow China and India are reshaping their futures and yours / _cTarun Khanna. |
||
| 260 |
_aBoston, Mass.; London : _bHarvard Business / McGraw-Hill, _c2011. |
||
| 300 |
_axi, 353 p. : _c21 cm. |
||
| 521 | _aBSBA | ||
| 650 |
_aChina _xCommerce |
||
| 650 |
_aIndia _xCommerce |
||
| 650 |
_aChina _xEconomic policy |
||
| 650 |
_aIndia _xEconomic policy |
||
| 650 |
_aChina _xForeign economic relations |
||
| 650 |
_aIndia _xForeign economic relations |
||
| 942 |
_cBK _2lcc _kFOR |
||
| 999 |
_c22417 _d22417 |
||